000 00660cam a22002052 4500
001 0000023663
005 20151217152246.0
008 130315s xx 000 0 eng d
020 _a019929579 :
040 _aKABU
_cKABU
245 1 0 _aCardiac catheterization and coronary intervention /
_cedited by Andrew R. J. Mitchell ... [et al.].
250 _a1st ed.
260 _aOxford :
_bO. U. P.,
_c2008.
300 _axxii, 282 p.
650 0 _aHeart catheterization
_vHandbooks
_xMethods.
_@0000183254
700 1 _aMitchell, Andrew R. J.
_@0000183255
852 1 _9p4095 KES
908 _a130315
950 _@1
999 _c9912
_d9912